| 000 | 05638nam a22005657a 4500 | ||
|---|---|---|---|
| 005 | 20091029154351.0 | ||
| 008 | 091029t xxu||||| |||| 00| 0 eng d | ||
| 010 | _aENG-95258 B-422970-992 | ||
| 020 |
_a9780070671027 _c495.00 |
||
| 020 |
_a0070671028 _c495.00 |
||
| 035 | _aEN-78791 B-422970-992 | ||
| 037 | _aAllied Pub/ Ven | ||
| 040 | _aDPL | ||
| 082 |
_a658.72028557585 _222 |
||
| 100 |
_aCameron, Melanie Anjele. _929443 |
||
| 245 |
_aOracle procure-to-pay guide / _cby Melanie Anjele Cameron. |
||
| 260 |
_aNew Delhi _bTata McGraw-Hill Education _c2009. |
||
| 270 |
_a7, West patel Nagar _bNew Delhi _e110008 |
||
| 300 |
_ax, 290 p. : _bill. ; _c23 cm. |
||
| 500 | _aIncludes index. | ||
| 650 |
_aElectronic commerce _xComputer programs. _929444 |
||
| 650 |
_aAccounting _xData processing. _929445 |
||
| 942 |
_2ddc _cEN _mCAM _h658.72028557585 |
||
| 999 |
_c31174 _d31174 |
||